Genetic improvement of oilseed crops ed by Jafar Nizam and others (Record no. 1209147)

MARC details
000 -LEADER
fixed length control field 01168nam a2200313Ia 4500
003 - CONTROL NUMBER IDENTIFIER
control field OSt
005 - DATE AND TIME OF LATEST TRANSACTION
control field 20221007121644.0
008 - FIXED-LENGTH DATA ELEMENTS--GENERAL INFORMATION
fixed length control field 221006b |||||||| |||| 00| 0 eng d
020 ## - INTERNATIONAL STANDARD BOOK NUMBER
International Standard Book Number 8190044117 (hbd)
037 ## - SOURCE OF ACQUISITION
Terms of availability Textual
040 ## - CATALOGING SOURCE
Original cataloging agency BDL
Transcribing agency BDL
Language of cataloging eng
041 ## - LANGUAGE CODE
Source of code eng
Language code of text/sound track or separate title eng
100 ## - MAIN ENTRY--PERSONAL NAME
Personal name Nizam Jafar Ed
9 (RLIN) 712684
245 #0 - TITLE STATEMENT
Title Genetic improvement of oilseed crops ed by Jafar Nizam and others
Remainder of title Farook S A Ed Khan Irfan A Ed
260 ## - PUBLICATION, DISTRIBUTION, ETC.
Place of publication, distribution, etc. Hyderabad
Name of publisher, distributor, etc. Ukaaz Publications
Date of publication, distribution, etc. 1996
300 ## - PHYSICAL DESCRIPTION
Extent 375p
Dimensions cm.
500 ## - GENERAL NOTE
General note Includes bibliographical references; Index p375; ^n23/CSL/Carb/96-97/3737^d1996-11-20^mPurchase; ; 96-97/261^b1996-11-24^cEXB/326/96^d1996-11-29^eJagmander Book Agency; ; 1996-12-10^bSB^c1996-12-16^dSB
650 ## - SUBJECT ADDED ENTRY--TOPICAL TERM
Topical term or geographic name entry element Breeding
9 (RLIN) 712685
650 ## - SUBJECT ADDED ENTRY--TOPICAL TERM
Topical term or geographic name entry element Oilseeds crop
9 (RLIN) 712686
650 ## - SUBJECT ADDED ENTRY--TOPICAL TERM
Topical term or geographic name entry element Agriculture
700 ## - ADDED ENTRY--PERSONAL NAME
Personal name Farook S A Ed
9 (RLIN) 712687
700 ## - ADDED ENTRY--PERSONAL NAME
Personal name Khan Irfan A Ed
9 (RLIN) 712688
942 ## - ADDED ENTRY ELEMENTS (KOHA)
Classification part J58:6, N6
Koha item type Textual
Source of classification or shelving scheme Colon Classification (CC)
Holdings
Withdrawn status Lost status Source of classification or shelving scheme Damaged status Not for loan Home library Current library Date acquired Source of acquisition Total Checkouts Full call number Barcode Date last seen Price effective from Koha item type
    Colon Classification (CC)     Department of Botany Library Department of Botany Library 2022-10-07 Jagmander,   J58:6 N6 BD0004492 2022-10-07 2022-10-07 Textual
Copyright @ Delhi University Library System